00585nam a22001937a 4500003000400000005001700004008004100021020001500062040003000077050002200107100002600129245006100155260004800216300002000264650002300284650001900307650003900326650002600365OSt20260629122635.0260629b |||||||| |||| 00| 0 eng d a0521253349 cChuka University Library  aLB 1139 .H43 1983 aHeath, Shirley Brice  aWays with words: language, life, and work in classrooms  aNew YorkbCambridge university press c1983 avarious Paging  aChildren-Language  aLanguage arts  aInteraction analysis in education  aCommunity and school